000 00724nam a2200253Ia 4500
003 OSt
005 20220930083448.0
006 a|||||r|||| 00| 0
007 ta
008 220926b |||||||| |||| 00| 0 eng d
024 _a75754
037 _cTheses
040 _aCRL
_cCRL
_beng
041 _2eng
_aeng
100 _aGera Vinita
_9534908
110 _aUniversity of Delhi. Faculty of Arts. Department of Sanskrit
245 0 _aMind and art of Bhavabhuti
260 _c1970
650 _aSANSKRIT
700 _a Dr. Rajendra Shukla Gu.
_9534909
700 _aUniversity of Delhi. Faculty of Arts. Department of Sanskrit
942 _cDIS
_2CC
999 _c875405
_d875405